[Event "Vojvodina-chT2"]
[Site "Vrbas"]
[Date "2011.09.28"]
[Round "6"]
[White "Pezelj, Novak"]
[Black "Nadj, Vladimir"]
[Result "1/2-1/2"]
[WhiteElo "2373"]
[BlackElo "2156"]
[PlyCount "32"]
[EventDate "2011.09.25"]
[EventType "team-tourn"]
[EventRounds "11"]
[EventCountry "SRB"]
[SourceTitle "CBM 144 Extra"]
[Source "ChessBase"]
[SourceDate "2011.10.28"]
[SourceVersion "1"]
[SourceVersionDate "2011.10.28"]
[SourceQuality "1"]

1. c4 Nf6 2. Nf3 g6 3. g3 Bg7 4. Bg2 0-0 5. 0-0 d6 6. d4 Nbd7 7. Nc3 e5 8. Qc2 c6 9. Rd1 Qc7 10. b3 Re8 11. Ba3 Bf8 12. Bb2 Bg7 13. Rac1 e4 14. Ne1 e3 15. f3 Nf8 16. Ne4 Bf5 1/2-1/2